000 00331nam a2200121Ia 4500
003 GCL
008 140319s9999 xx 000 0 ara d
040 _aGCL /
_cGCL
082 0 4 _aط
_b813.02
_bا ح
100 1 _aايهاب عبدالسلام
245 1 0 _aحكايات وابتسامات /
_cايهاب عبدالسلام
490 _a
999 _c38946
_d38946